000 00709nam a2200289Ia 4500
005 20260324140502.0
008 008 260324s9999 xx 000 0 eng d
020 _a9781315170879
037 _aEBOOK
040 _aCRL
040 _beng
040 _cCRL
041 _2eng
041 _aeng
084 _qCRL
100 _aMartin Simmons; Peter Daw
_91204572
245 0 _aStress, Anxiety, Depression
245 2 _bA guide to humanistic counselling and psychotherapy
260 _bTaylor and Francis
260 _c1998
365 _a
365 _b165
856 _uhttp://www.taylorfrancis.com/books/9781315170879
942 _cEBOOK
999 _c1806714
_d1806714